1091 1208 1622 1468 1869 1754 1725 1768 1931 1605 1928 1298 1415 1540 1025 1459 1925 1135 1521 1649 1184 1769 1692 1636 1798 1749 1359 1379 1442 1182 1805 1585 1309 1275 1325 1219 1328 1419 1524 1642 1295 1047 1436 1429 1345 1346 1252 1880 1653 1391 1079 1487 1599 1427 1962 1443 1458 1912 1917 1773 1952 1412 1049 1765 1447 1680 1768 1935 1073 1488 1430 1292 1422 1783 1545 1601 1674 1700 1304 1426 1621 1277 1273 1755 1573 1382 1174 1891 1879 1936 1228 1919 1549 1625 1083 1604 1157 1093 1092 BCNSPRNW ULIB Ver.6.0+V

เปลี่ยนเป็นภาษาไทย

Change to English
 แสดงรายละเอียดบรรณานุกรม
  กลับหน้าหลัก

Brief Record : Get Marc (ISO 2709) : E-mail record : QR code < ปิดหน้าต่าง
LEADER : 00000nam 2200000uu 4500
001    13399125679
003     ULIB
008    170714s2559||||th 000 0 tha d
060  0 ^aWL704^bก318ค
110 1  ^aสำนักงานปลัดกระทรวงสาธารณสุข^bสถาบันพระบรมราชชนก กลุ่มพัฒนาการศึกษา
245 00 ^aคู่มือการสอน หลักสูตรความสำคัญในการจัดการความปวด เรื่อง "การประเมินและการจัดการความปวดตามกรอบ RAT Model" /^cกลุ่มพัฒนาการศึกษาสถาบันพระบรมราชชนก สำนักงานปลัดกระทรวงสาธารณสุข
260    ^aนนทบุรี :^bกลุ่มพัฒนาการศึกษา สถาบันพระบรมราชชนก สำนักงานปลัดกระทรวงสาธารณสุข,^c2559
300    ^a151 หน้า ;^c21 ซม.
650  0 ^aความปวด
650  0 ^aคู่มือการสอน
710 1  ^aสำนักงานปลัดกระทรวงสาธารณสุข^bสถาบันพระบรมราชชนก กลุ่มพัฒนาการศึกษา
945    ^p0^l0^i002662
999    ^aประนอม เกษจรัล
รายการนี้ยังไม่มีแท็ก
คุณยังไม่ได้ล็อกอิน คุณสามารถมีกิจกรรมร่วมกับเว็บไซต์ได้ แต่ต้องล็อกอินก่อน ::
  ล็อกอิน

รายการสื่อสารสนเทศ

ลำดับที่ ประเภท เลขเรียก/บาร์โค้ด สถานที่ สถานะ
1. วิทยาศาสตร์การแพทย์ และสุขภาพ
วิทยาศาสตร์การแพทย์ และสุขภาพ
สถานะ=หนังสือเก่า
WL704 ก318ค ฉ.1 
  Barcode: 002662
ห้องสมุดวิทยาเขตสวรรค์ประชารักษ์
►ส่วนจัดเก็บหนังสือเก่า สปร
บนชั้น
  ขอยืม

รายการใกล้เคียง
    หัวเรื่อง [ความปวด]

BibComment


ยังไม่เคยถูกคอมเมนท์

คอมเมนท์ทรัพยากรรายการนี้
  คอมเมนท์: คู่มือการสอน หลั..


 Copyright 2026. Bcnsprnw @Library